| 000 | 00383nam a2200157Ia 4500 | ||
|---|---|---|---|
| 008 | 230312s9999||||xx |||||||||||||| ||und|| | ||
| 020 | _a81-239-1263-3 | ||
| 082 |
_a624.18 _bBAN-B |
||
| 100 | _aBanz;Hans | ||
| 245 | 0 | _aBuilding Construction Details | |
| 260 |
_bCBS _aIndia _c2001 |
||
| 300 | _a270 | ||
| 546 | _aEng. | ||
| 650 |
_aArchitecture _vBuilding Constructure |
||
| 942 | _cBK | ||
| 999 |
_c6614 _d6614 |
||